000
00289nam a22001337a 4500
003
SGT
082
_a
611
_b
G14S
100
_a
SATHUA, SIDHESWAR
245
_a
GARBHA VIJNANA ( EMBRYOLOGY)
260
_a
VARANASI
_b
CHAUKHAMBHA
_c
2014
300
_a
199
650
_a
EMBRYOLOGY
942
_2
ddc
_c
BK
999
_c
8441
_d
8441